[Event "Corrado Bitti Memorial 5th"]
[Site "Laconi"]
[Date "2005.08.07"]
[Round "3"]
[White "Piga, Antonello"]
[Black "Deruda, Leonardo"]
[Result "0-1"]
[WhiteElo "1688"]
[BlackElo "1820"]
[PlyCount "40"]
[EventDate "2005.08.06"]
[EventType "swiss"]
[EventRounds "9"]
[EventCountry "ITA"]
[SourceTitle "EXT 2007"]
[Source "ChessBase"]
[SourceDate "2006.11.23"]
[SourceVersion "1"]
[SourceVersionDate "2006.11.23"]
[SourceQuality "1"]

1. e4 c5 2. Nf3 Nc6 3. d4 cxd4 4. Nxd4 g6 5. Be3 Nf6 6. Nc3 Bg7 7. f3 0-0 8. Qd2 d5 9. 0-0-0 e5 10. Nxc6 bxc6 11. exd5 cxd5 12. Nxd5 Be6 13. Bc4 Nxd5 14. Bxd5 Bxd5 15. Qxd5 Qc7 16. g4 Rfc8 17. Qe4 Rab8 18. h4 Rb4 19. Qd3 Rxb2 20. Rh2 e4 0-1